000 00311nam a22001217a 4500
008 171124b xxu||||| |||| 00| 0 eng d
041 _aeng
080 _a94
100 _a16
101 _aHIS
245 _aTHE LITIGATION EXPLOSION WHAT HAPPENED WHEN AMERICA UNLEASHED THE LAWSUIT
_cOLSON,W.K
942 _2udc
_cBK
999 _c38511
_d38511